00539nam a2200145Ia 4500008004100000100002100041245008000062245004000142260004900182260000900231650001300240856004800253999001900301952007300320170221s9999 xx 000 0 und d aDelvin Seawright aPolitically skilled audit committee directors and audit committee diligence cDelvin Seawright, Lamar University. bJournal of Management and Marketing Research c2012 xBusiness uhttp://www.aabri.com/manuscripts/162456.pdf c309676d309676 001040aCLbCLd2017-02-21l0r2017-02-21 00:00:00w2017-02-21yFOJ